Zmeny v zákone o dani z príjmov prijaté koncom roka 2015

Zákon č. 595/2003 Z. z. o dani z príjmov v z. n. p. bol v roku 2015 novelizovaný celkom 13-krát. Samostatnou novelou ZDP, ktorá nadobudla účinnosť 1. 1. 2016, je najrozsiahlejšia novela č. 253/2015 Z. z. Okrem nej, ako súčasť iných zákonov, bolo pred koncom roka 2015 prijatých aj ďalších 6 noviel, k...

Celý popis

Uložené v:
Podrobná bibliografia
Hlavný autor: Mezeiová, Viera
Ďalší autori: Horniaček, Peter
Médium: Kapitola
Jazyk:Slovak
Predmet:
Tagy: Pridať tag
Žiadne tagy, Buďte prvý, kto otaguje tento záznam!

MARC

LEADER 00000naa a2200000 4500
001 0213943
005 20231208091400.7
041 0 |a slo 
044 |a SK 
245 1 0 |a Zmeny v zákone o dani z príjmov prijaté koncom roka 2015  |c Viera Mezeiová, Peter Horniaček 
520 |a Zákon č. 595/2003 Z. z. o dani z príjmov v z. n. p. bol v roku 2015 novelizovaný celkom 13-krát. Samostatnou novelou ZDP, ktorá nadobudla účinnosť 1. 1. 2016, je najrozsiahlejšia novela č. 253/2015 Z. z. Okrem nej, ako súčasť iných zákonov, bolo pred koncom roka 2015 prijatých aj ďalších 6 noviel, ktoré si aj napriek svojmu úzkemu tematickému zameraniu zaslúžia pozornosť odbornej verejnosti. 
610 2 0 |a dane z príjmov 
610 2 0 |a novelizácia 
610 2 0 |a Slovensko 
610 2 0 |a zákony 
100 1 |a Mezeiová, Viera 
700 1 |a Horniaček, Peter